000 00303nam a2200109Ia 4500
008 200302s9999 xx 000 0 und d
100 _aKerstin Schultz and others
245 _aLight Spaces Designing and constructing with plasterboard
260 _bBirkhauser Verlag Gmbh
260 _c2016
300 _a160
999 _c6241
_d6241